000 00477nam a2200181Ia 4500
001 21480
005 20260306172922.0
008 260306t2009||||xx |||||||||||||| ||spa||
041 _aESP
082 _a345.1
_bC94
100 _aCubas Villanueva, Víctor
_eAUT
245 0 _aEl nuevo proceso penal peruano:
_bteoría y práctica de su implementación
260 _c2009
300 _a607 páginas :
_c24 cm.
650 _aGEN
654 _aCDE
942 _cLIB
_dJUS
_fJUS
_2ddc
_n
999 _c21480
_d21480